000 00325nam a22001337a 4500
008 171016b xxu||||| |||| 00| 0 eng d
020 _a9780882851426
041 _aeng
080 _a33
100 _a52
101 _aECO
245 _aSPREADSHEET MODELS URBAN AND REGIONAL ANLYSIS
_cKLOSTERMAN.R.E
942 _2udc
_cBK
999 _c34105
_d34105